00257nam a2200109Ia 4500008004100000100001700041245003500058260001700093650001300110942000700123999001700130190216s9999||||xx |||||||||||||| ||und|| aSreedharan G 0aThirenjedutha Thamizh Kathakal bNbs Kottayam aKathakal cBK c24557d24557